Ứng xử quan hệ nơi công sở
Nội dung sách giứoi thiệu cho bạn đọc về mối quan hệ ứng xử nới công sở, giúp nhân viên gắn bó với nhau, tăng cường sức mạnh, đoàn kết trong cơ quan, tập thể.
Сохранить в:
| Формат: | |
|---|---|
| Язык: | Undetermined |
| Опубликовано: |
Hà Nội
Văn hoá Thông tin
2005
|
| Предметы: | |
| Метки: |
Добавить метку
Нет меток, Требуется 1-ая метка записи!
|
| Thư viện lưu trữ: | Trung tâm Học liệu Trường Đại học Cần Thơ |
|---|
| LEADER | 00879nam a2200205Ia 4500 | ||
|---|---|---|---|
| 001 | CTU_73957 | ||
| 008 | 210402s9999 xx 000 0 und d | ||
| 020 | |b 35500 | ||
| 082 | |a 158.1 | ||
| 082 | |b Ư.556 | ||
| 245 | 0 | |a Ứng xử quan hệ nơi công sở | |
| 245 | 0 | |c Diệu Thanh ( biên soạn ) | |
| 260 | |a Hà Nội | ||
| 260 | |b Văn hoá Thông tin | ||
| 260 | |c 2005 | ||
| 520 | |a Nội dung sách giứoi thiệu cho bạn đọc về mối quan hệ ứng xử nới công sở, giúp nhân viên gắn bó với nhau, tăng cường sức mạnh, đoàn kết trong cơ quan, tập thể. | ||
| 650 | |a Business intelligence,Communication in management,Psychology | ||
| 650 | |x Applied | ||
| 904 | |i Năm, QHieu đã sửa trong kho | ||
| 980 | |a Trung tâm Học liệu Trường Đại học Cần Thơ | ||